Tipos de monotipia
Descripción Física:
22 p. : il. ; 19 x 28 cm
MARC
| LEADER | 00000nam a2200000Ia 4500 | ||
|---|---|---|---|
| 001 | 13899 | ||
| 008 | 160829s9999 xx 000 0 cat d | ||
| 080 | |a RF-9-11 | ||
| 245 | |a Tipos de monotipia | ||
| 260 | |a Barcelona : |b Casa Provincial de Caridad, [s.a.] | ||
| 300 | |a 22 p. : |b il. ; |c 19 x 28 cm | ||
| 650 | |a Monotípia |9 38702 | ||
| 650 | |a Composició tipogràfica |9 38867 | ||
| 710 | |a Casa de Caritat (Barcelona, Catalunya) |9 52406 | ||
| 856 | 4 | |u https://media.diba.cat/diba/fitxers/arxiu/fulletons/bib_13899_baixa.pdf |y Accés lliure | |
| 856 | 4 | |u https://media.diba.cat/diba/fitxers/arxiu/fulletons/bib_13899_baixa.pdf |y Accés lliure | |
| 901 | |a Arxiu | ||
| 942 | |n 1 |2 udc | ||
| 952 | |0 0 |1 0 |4 0 |6 RF911 |7 1 |9 48545 |a Arxiu |b Arxiu |d 2016-12-01 |l 0 |o RF-9-11 |p 13899 |r 2016-12-01 00:00:00 |w 2016-12-01 |y ARXIU | ||
| 999 | |c 52374 |d 52374 | ||
| 900 | |a bib_13899_baixa.pdf | ||